书目信息 |
| 题名: |
元代诗歌同题集咏现象研究
|
|
| 作者: | 李文胜 著 | |
| 分册: | ||
| 出版信息: | 北京 中华书局 2024.09 |
|
| 页数: | 641页 | |
| 开本: | 23cm | |
| 丛书名: | ||
| 单 册: | ||
| 中图分类: | I207.227.47 | |
| 科图分类: | ||
| 主题词: | 古典诗歌--诗歌研究--中国--元代 | |
| 电子资源: | ||
| ISBN: | 978-7-101-16808-2 | |
| 000 | 01035nam0 2200241 450 | |
| 001 | 012775048 | |
| 005 | 20251022105528.77 | |
| 010 | @a978-7-101-16808-2@b精装@dCNY118.00 | |
| 100 | @a20241025d2024 em y0chiy0120 ea | |
| 101 | 0 | @achi |
| 102 | @aCN@b110000 | |
| 105 | @ay z 000yy | |
| 106 | @ar | |
| 200 | 1 | @a元代诗歌同题集咏现象研究@9yuan dai shi ge tong ti ji yong xian xiang yan jiu@f李文胜著 |
| 210 | @a北京@c中华书局@d2024.09 | |
| 215 | @a641页@d23cm | |
| 300 | @a本书为教育部人文社会科学研究规划基金“元代诗歌同题集咏现象考述”结题成果 | |
| 330 | @a本书稿深入地分析了多元文化下同题集咏发生的原因、同题集咏的类型以及对元诗风貌的影响。作者通过利用原始文献资料,考察同题集咏提供的公共文化平台在多族群诗人之间精神建构的过程,梳理同题集咏在元代诗学中的重要地位,探究同题集咏在文人群体生态构建中的作用,实现对元代诗学研究的突破。 | |
| 606 | 0 | @a古典诗歌@x诗歌研究@y中国@z元代 |
| 690 | @aI207.227.47@v5 | |
| 701 | 0 | @a李文胜@9li wen sheng@4著 |
| 801 | 0 | @aCN@c20250909 |
| 905 | @a河南城建学院图书馆@dI207.22@eL286@ZL286@f1 | |
| 元代诗歌同题集咏现象研究/李文胜著.-北京:中华书局,2024.09 |
| 641页;23cm |
| 本书为教育部人文社会科学研究规划基金“元代诗歌同题集咏现象考述”结题成果 |
| ISBN 978-7-101-16808-2(精装):CNY118.00 |
| 本书稿深入地分析了多元文化下同题集咏发生的原因、同题集咏的类型以及对元诗风貌的影响。作者通过利用原始文献资料,考察同题集咏提供的公共文化平台在多族群诗人之间精神建构的过程,梳理同题集咏在元代诗学中的重要地位,探究同题集咏在文人群体生态构建中的作用,实现对元代诗学研究的突破。 |
| ● |
| 相关链接 |
|
|
|
正题名:元代诗歌同题集咏现象研究
索取号:I207.22/L286
 
预约/预借
| 序号 | 登录号 | 条形码 | 馆藏地/架位号 | 状态 | 备注 |
| 1 | 1631948 | 216319482 | 文学库108/108文学库 7排4列1层/ [索取号:I207.22/L286] | 在馆 |